Città con le Moschee più alte - Statistics

Statistiche generali
  • Questo quiz è stato fatto 9 volte
  • Il punteggio medio è 7 su 15
Statistiche sulle risposte
Moschea Altezza (m) Continente Città % Corretto
The Grand Mosque 107 Asia Dubai
88%
Grand Mosalla mosque of Tehran 136 Asia Teheran
88%
Gran moschea dello Sceicco Zayed 115 Asia Abu Dhabi
75%
Al-Nour Mosque 111,9 Africa Il Cairo
75%
Moschea di Hassan II 210 Africa Casablanca
63%
Jakarta Islamic Center 114 Asia Giacarta
63%
Çamlıca Republic Mosque 107,1 Asia Istanbul
63%
Djamaa el Djazair 265 Africa Algeri
50%
Moschea del Profeta 112 Asia Medina
50%
Mosque of Sheikh Ibrahim Al-Ibrahim 113 America del Sud Caracas
25%
Grande moschea Al-Fateh 130,1 Asia Manama
25%
Grand Mosalla mosque of Isfahan 110 Asia Esfahan
0%
Moschea Rahmatan Lil-Alamin 210 Asia Indramayu
0%
Putra Mosque 116 Asia Putrajaya
0%
Sultan Salahuddin Abdul Aziz Mosque 142,3 Asia Shah Alam
0%
Nessun quiz corrispondente trovato
Distribuzione punteggi
Percentuale di utenti per punteggio
Percentile per numero di risposta
I tuoi punteggi nel tempo
Non hai fatto questo quiz